<?xml version="1.0" encoding="UTF-8"?>
<record
    xmlns:xsi="http://www.w3.org/2001/XMLSchema-instance"
    xsi:schemaLocation="http://www.loc.gov/MARC21/slim http://www.loc.gov/standards/marcxml/schema/MARC21slim.xsd"
    xmlns="http://www.loc.gov/MARC21/slim">

  <leader>03561nam a22002657a 4500</leader>
  <controlfield tag="008">250521b        |||||||| |||| 00| 0 eng d</controlfield>
  <datafield tag="020" ind1=" " ind2=" ">
    <subfield code="a">9791035818401</subfield>
  </datafield>
  <datafield tag="040" ind1=" " ind2=" ">
    <subfield code="c">tbs</subfield>
  </datafield>
  <datafield tag="041" ind1=" " ind2=" ">
    <subfield code="a">spa</subfield>
    <subfield code="a">fre</subfield>
  </datafield>
  <datafield tag="050" ind1=" " ind2=" ">
    <subfield code="a">PQ6633.I68 </subfield>
    <subfield code="b">Q94 2006</subfield>
  </datafield>
  <datafield tag="100" ind1=" " ind2=" ">
    <subfield code="a">Rivas, Manuel</subfield>
    <subfield code="d">1957-</subfield>
    <subfield code="9">25278</subfield>
    <subfield code="e">author</subfield>
  </datafield>
  <datafield tag="245" ind1=" " ind2=" ">
    <subfield code="a">Qu&#xE9; me quieres, amor? </subfield>
    <subfield code="c">/ Manuel Rivas.</subfield>
  </datafield>
  <datafield tag="260" ind1=" " ind2=" ">
    <subfield code="a">Paris : </subfield>
    <subfield code="b">Belin &#xC9;ducation,</subfield>
    <subfield code="c">2021.</subfield>
  </datafield>
  <datafield tag="300" ind1=" " ind2=" ">
    <subfield code="a">238 pages ;</subfield>
    <subfield code="c">19 cm.</subfield>
  </datafield>
  <datafield tag="490" ind1=" " ind2=" ">
    <subfield code="a">No tan cl&#xE1;sicos</subfield>
  </datafield>
  <datafield tag="505" ind1=" " ind2=" ">
    <subfield code="a">Marginal vocabulary notes (in French and Spanish) &#x2014; B1-B2 Level &#x2014; A comprehensive file to understand the work, its characters, major themes, and its context &#x2014; Quizzes to memorize the essentials in a playful manner &#x2014; Activities to improve in English, thanks to the text of an exceptional author &#x2014; Contains exercises in the form of quizzes. The work is accompanied by a downloadable pedagogical guide at belin-education.com.</subfield>
  </datafield>
  <datafield tag="505" ind1=" " ind2=" ">
    <subfield code="a">Notes de vocabulaire en marge (en fran&#xE7;ais et en espagnol) &#x2014; Niveau B1-B2 &#x2014; Un dossier complet pour comprendre l&#x2019;&#x153;uvre, ses personnages, ses th&#xE8;mes majeurs et son contexte &#x2014; Des quiz pour m&#xE9;moriser l&#x2019;essentiel de mani&#xE8;re ludique &#x2014; Des activit&#xE9;s pour progresser en anglais gr&#xE2;ce au texte d&#x2019;un auteur exceptionnel &#x2014; Contient des exercices sous forme de quiz. L&#x2019;&#x153;uvre est accompagn&#xE9;e d&#x2019;un guide p&#xE9;dagogique t&#xE9;l&#xE9;chargeable sur belin-education.com.</subfield>
  </datafield>
  <datafield tag="505" ind1=" " ind2=" ">
    <subfield code="a">Notas de vocabulario en los m&#xE1;rgenes (en franc&#xE9;s y en espa&#xF1;ol) &#x2014; Nivel B1-B2  &#x2014; Un dossier completo para entender la obra, sus personajes, sus grandes temas y su contexto &#x2014; Cuestionarios para recordar lo esencial de forma amena &#x2014; Actividades para mejorar tu ingl&#xE9;s a trav&#xE9;s del texto de un autor excepcional &#x2014; Incluye ejercicios en formato de cuestionario. La obra viene acompa&#xF1;ada de una gu&#xED;a pedag&#xF3;gica descargable en belin-education.com.</subfield>
  </datafield>
  <datafield tag="520" ind1=" " ind2=" ">
    <subfield code="a">The sixteen short stories in this collection paint a rich human landscape filled with tenderness. The almost brotherly friendship between a schoolboy and his Republican teacher at the dawn of the Spanish Civil War, a father's anxious love for his son, or the author's affection for his wet nurse, take us on a journey through time and memory. These stories illuminate the contours of a territory, like the intermittent light of a lighthouse casting a sensitive image of a remote region out into the world.</subfield>
  </datafield>
  <datafield tag="520" ind1=" " ind2=" ">
    <subfield code="a">Les seize nouvelles de ce recueil dessinent un paysage humain foisonnant de tendresse. L&#x2019;amiti&#xE9; quasi fraternelle entre un &#xE9;colier et son ma&#xEE;tre r&#xE9;publicain &#xE0; l&#x2019;aube de la guerre d&#x2019;Espagne, l&#x2019;amour d&#x2019;un p&#xE8;re inquiet pour son fils ou celui de l&#x2019;auteur pour sa m&#xE8;re laiti&#xE8;re, nous transportent dans un voyage &#xE0; travers le temps et la m&#xE9;moire. Autant de r&#xE9;cits qui &#xE9;clairent les contours d&#x2019;un territoire, comme la lumi&#xE8;re intermittente d&#x2019;un phare projetant vers le monde l&#x2019;image sensible d&#x2019;une r&#xE9;gion extr&#xEA;me.</subfield>
  </datafield>
  <datafield tag="520" ind1=" " ind2=" ">
    <subfield code="a">Los diecis&#xE9;is relatos de esta colecci&#xF3;n dibujan un paisaje humano lleno de ternura. La amistad casi fraternal entre un escolar y su maestro republicano en los albores de la Guerra Civil Espa&#xF1;ola, el amor inquieto de un padre por su hijo o el del autor por su nodriza, nos transportan en un viaje a trav&#xE9;s del tiempo y la memoria. Relatos que iluminan los contornos de un territorio, como la luz intermitente de un faro que proyecta al mundo la imagen sensible de una regi&#xF3;n extrema.</subfield>
  </datafield>
  <datafield tag="650" ind1=" " ind2="0">
    <subfield code="a">Spanish literature</subfield>
    <subfield code="y">20th century</subfield>
    <subfield code="9">25279</subfield>
  </datafield>
  <datafield tag="655" ind1=" " ind2="0">
    <subfield code="a">Short stories</subfield>
    <subfield code="9">22375</subfield>
  </datafield>
  <datafield tag="942" ind1=" " ind2=" ">
    <subfield code="2">lcc</subfield>
  </datafield>
  <datafield tag="952" ind1=" " ind2=" ">
    <subfield code="0">0</subfield>
    <subfield code="1">0</subfield>
    <subfield code="2">lcc</subfield>
    <subfield code="4">0</subfield>
    <subfield code="7">0</subfield>
    <subfield code="a">TBS</subfield>
    <subfield code="b">TBS</subfield>
    <subfield code="d">2025-05-21</subfield>
    <subfield code="l">1</subfield>
    <subfield code="m">1</subfield>
    <subfield code="o">READER-SP RIV</subfield>
    <subfield code="p">B05723</subfield>
    <subfield code="r">2025-11-06</subfield>
    <subfield code="s">2025-10-03</subfield>
    <subfield code="t">1</subfield>
    <subfield code="w">2025-05-21</subfield>
    <subfield code="y">SPANISH</subfield>
  </datafield>
  <datafield tag="999" ind1=" " ind2=" ">
    <subfield code="c">4687</subfield>
    <subfield code="d">4687</subfield>
  </datafield>
</record>
